000 00670nam a2200277Ia 4500
005 20260324140010.0
008 008 260324s9999 xx 000 0 eng d
020 _a9781315249674
037 _aEBOOK
040 _aCRL
040 _beng
040 _cCRL
041 _2eng
041 _aeng
084 _qCRL
100 _aJohn Lidstone; Janice MacLennan
_91202739
245 0 _aMarketing Planning for the Pharmaceutical Industry
260 _bTaylor and Francis
260 _c1999
365 _a
365 _b300
856 _uhttp://www.taylorfrancis.com/books/9781315249674
942 _cEBOOK
999 _c1804349
_d1804349